| 000 | 00472nam a2200169 4500 | ||
|---|---|---|---|
| 005 | 20260602110027.0 | ||
| 008 | 260602b |||||||| |||| 00| 0 eng d | ||
| 020 | _a9781071817940 | ||
| 082 |
_a658 _bWCR-R |
||
| 100 | _aW. Creswell, John | ||
| 245 |
_aResearch Design _bQualitative, Quantitative, and Mix Methods Approaches |
||
| 250 | _a6th Ed. | ||
| 260 |
_aLos Angles _bSAGE Publication _c2023 |
||
| 300 | _a379p. | ||
| 650 | _aManagement Science | ||
| 942 | _cBK | ||
| 999 |
_c47633 _d47633 |
||